000 00983nam a2200277Ia 4500
003 OSt
005 20221005105226.0
006 a|||||r|||| 00| 0
007 ta
008 221004b |||||||| |||| 00| 0 hin d
020 _a9789382543138 (hbk)
_cINR 275.00
024 _a37118
037 _b64, 13/03/2018, P. K. Books
_cTextual
040 _aCRL
_cCRL
_bhin
041 _2hin
_ahin
082 _aO152,1N55x, Q7
100 _aगोविन्द प्रसाद, ले.
245 0 _aकोई ऐसा शब्द दो
246 _aKoī aisā shabda do
260 _aनई दिल्ली
_bईशा ज्ञानदीप भारत
_c2017
300 _a88पृ0
_ccm.
650 _a हिन्दी साहित्य
650 _aहिन्दी कविता
942 _hO152,1N55x, Q7
_cTEXL
_2cc
999 _c1015190
_d1015190